| Tag |
First Indicator |
Second Indicator |
Subfields |
| LEADER |
00000cam a22000004a 4500 |
| 001 |
in00002016173 |
| 005 |
20151031153203.0 |
| 008 |
030701s2004 cau b 001 0 eng |
| 010 |
|
|
|a 2003109257
|
| 020 |
|
|
|a 0761941940
|
| 035 |
|
|
|a (OCoLC)ocm56510028
|
| 040 |
|
|
|a DLC
|c DLC
|d TXA
|d UtOrBLW
|
| 042 |
|
|
|a pcc
|
| 049 |
|
|
|a TXAM
|
| 050 |
0 |
0 |
|a H62
|b .C933 2004
|
| 100 |
1 |
|
|a Czarniawska-Joerges, Barbara.
|
| 245 |
1 |
0 |
|a Narratives in social science research /
|c Barbara Czarniawska.
|
| 264 |
|
1 |
|a London ;
|a Thousand Oaks, Calif. :
|b Sage Publications,
|c 2004.
|
| 300 |
|
|
|a ix, 157 pages ;
|c 24 cm.
|
| 336 |
|
|
|a text
|b txt
|2 rdacontent
|
| 337 |
|
|
|a unmediated
|b n
|2 rdamedia
|
| 338 |
|
|
|a volume
|b nc
|2 rdacarrier
|
| 490 |
1 |
|
|a Introducing qualitative methods
|
| 504 |
|
|
|a Includes bibliographical references (pages [142]-152) and indexes.
|
| 650 |
|
0 |
|a Social sciences
|x Research
|x Methodology.
|
| 650 |
|
0 |
|a Social sciences
|x Methodology.
|
| 650 |
|
0 |
|a Discourse analysis, Narrative.
|
| 650 |
|
0 |
|a Storytelling.
|
| 650 |
|
0 |
|a Narration (Rhetoric)
|x Social aspects.
|
| 830 |
|
0 |
|a Introducing qualitative methods.
|
| 856 |
4 |
1 |
|3 Table of contents
|u http://www.loc.gov/catdir/toc/fy046/2003109257.html
|t 0
|
| 948 |
|
|
|a cataloged
|b h
|c 2004/12/15
|d c
|e jgreene
|f 11:35:32 am
|
| 994 |
|
|
|a E0
|b TXA
|
| 999 |
|
|
|a MARS
|
| 999 |
f |
f |
|s 4536e042-7239-3864-80b7-39ef92729caa
|i 3e7e7c37-718a-3e2e-83d5-2be0bf5183b2
|t 0
|
| 952 |
f |
f |
|p normal
|a Texas A&M University
|b College Station
|c Sterling C. Evans Library
|d Evans: Library Stacks
|t 0
|e H62 .C933 2004
|h Library of Congress classification
|i unmediated -- volume
|m A14831692188
|
| 998 |
f |
f |
|a H62 .C933 2004
|t 0
|l Evans: Library Stacks
|